000 00530nam a2200169Ia 4500
003 OSt
005 20260313114320.0
008 211028s2014 xx 000 0 und d
040 _cAIMIT LIBRARY
041 _aeng
100 _aKumari, Arpitha S; Vijayakumar, Suchetha.
_g111711
_94064
110 _aRakesh Kumar
_94065
245 _aCustomer relationship management on loan schemes and service of Karnataka Bank /
260 _aMangalore
_c2014
710 _aSysInformation Healthcare India Pvt. Ltd.
_94066
942 _2ddc
_cPRO
999 _c217444
_d217444